Filles et fils de Dieu : Égalité baptismale et différence sexuelle (notice n° 1662423)
[ vue normale ]
| 000 -LEADER | |
|---|---|
| fixed length control field | 01479cam a2200133 4500500 |
| 005 - DATE AND TIME OF LATEST TRANSACTION | |
| control field | 20260222000033.0 |
| 041 ## - LANGUAGE CODE | |
| Language code of text/sound track or separate title | fre |
| 042 ## - AUTHENTICATION CODE | |
| Authentication code | dc |
| 100 10 - MAIN ENTRY--PERSONAL NAME | |
| Personal name | Castiglioni, Luca |
| Relator term | author |
| 245 00 - TITLE STATEMENT | |
| Title | Filles et fils de Dieu : Égalité baptismale et différence sexuelle |
| 260 ## - PUBLICATION, DISTRIBUTION, ETC. | |
| Name of publisher, distributor, etc. | Éditions du Cerf,<br/> |
| Date of publication, distribution, etc. | 2020.<br/> |
| 520 ## - SUMMARY, ETC. | |
| Summary, etc. | Un même baptême pour les hommes et pour les femmes, un seul Dieu, une seule foi. Pourtant, la part masculine de l’Église a souvent peur des voix féminines. Interpellée par celles-ci, qu’est-ce que l’Église a entendu ou a cru entendre ? A-t-elle bien écouté ? Les réponses esquissées sont-elles à la hauteur du cri ? À partir de là, comment progresser ? Prêtre italien animé d’un esprit de discernement, Luca Castiglioni interroge ici la notion de genre : a-t-elle sa place en théologie ? À la lumière des interprétations historiques, après un diagnostic sur la manière dont l’Église a conçu la condition des femmes et leur prise de parole, Luca Castiglioni sollicite les ressources de la foi chrétienne, des textes de la Genèse et du Cantique des cantiques aux discours de saint Paul et aux récits des relations de Jésus avec les hommes et les femmes. Se dégagent alors de grands défis pour l’Église, y compris l’accès à des ministères consacrés pour les femmes. Une étude novatrice. |
| 856 41 - ELECTRONIC LOCATION AND ACCESS | |
| Uniform Resource Identifier | <a href="https://shs.cairn.info/filles-et-fils-de-dieu--9782204137263?lang=fr&redirect-ssocas=7080">https://shs.cairn.info/filles-et-fils-de-dieu--9782204137263?lang=fr&redirect-ssocas=7080</a> |
Pas d'exemplaire disponible.




Réseaux sociaux